Loading...
| Science - Physics | 0 | 7 | 0 | 1 | 70 | 27 | 57.14 | 2 | 6 |
| History - European History | 0 | 2 | 0 | 2 | 20 | 113 | 122.00 | 0 | 0 |
| History - World History | 0 | 2 | 0 | 0 | 20 | 54 | 76.50 | 0 | 1 |
| Literature - European Literature | 0 | 1 | 0 | 1 | 10 | 149 | 149.00 | 0 | 0 |
| Philosophy | 0 | 1 | 0 | 1 | 10 | 125 | 125.00 | 0 | 0 |
| Science - Chemistry | 0 | 1 | 0 | 0 | 10 | 75 | 75.00 | 1 | 1 |
| Science - Other Science | 0 | 1 | 0 | 0 | 10 | 30 | 30.00 | 1 | 1 |
| Fine Arts - Classical Music | 0 | 1 | 0 | 0 | 10 | 28 | 28.00 | 0 | 1 |
| Social Science | 0 | 1 | 0 | 1 | 10 | 116 | 116.00 | 0 | 0 |
| History - American History | 0 | 1 | 0 | 0 | 10 | 50 | 50.00 | 1 | 1 |
| Literature - British Literature | 0 | 1 | 0 | 1 | 10 | 130 | 130.00 | 0 | 0 |